UM Logo

Adaptable gourmet : (Record no. 22693)

MARC details
000 -LEADER
fixed length control field 00462nam a22001337a 4500
005 - DATE AND TIME OF LATEST TRANSACTION
control field 20241018104424.0
008 - FIXED-LENGTH DATA ELEMENTS--GENERAL INFORMATION
fixed length control field 241018b |||||||| |||| 00| 0 eng d
100 ## - MAIN ENTRY--PERSONAL NAME
Personal name Lim, Bruce.
Relator term author.
9 (RLIN) 63195
245 ## - TITLE STATEMENT
Title Adaptable gourmet :
Remainder of title fish in a blanket /
Statement of responsibility, etc. Bruce Lim.
260 ## - PUBLICATION, DISTRIBUTION, ETC. (IMPRINT)
Place of publication, distribution, etc. Philippines;
Name of publisher, distributor, etc. Philippine Graphic Publishing Inc.,
Date of publication, distribution, etc. November 2019.
300 ## - PHYSICAL DESCRIPTION
Extent Volume 20, pages 29-31,
Other physical details illustration.
700 ## - ADDED ENTRY--PERSONAL NAME
Personal name Lim, Bruce.
Relator term author.
9 (RLIN) 63196
942 ## - ADDED ENTRY ELEMENTS (KOHA)
Source of classification or shelving scheme Dewey Decimal Classification
Koha item type Periodicals
Holdings
Withdrawn status Lost status Source of classification or shelving scheme Damaged status Not for loan Collection code Home library Current library Date acquired Total Checkouts Date last seen Price effective from Koha item type Public note
    Dewey Decimal Classification     Periodicals UM Digos College - LIC UM Digos College - LIC 10/18/2024   10/18/2024 10/18/2024 Periodicals Periodical Article